|
|
|
|
| LEADER |
01358nam a22003734a 4500 |
| 001 |
EBC344410 |
| 003 |
MiAaPQ |
| 005 |
20200520144314.0 |
| 006 |
m o d | |
| 007 |
cr cn||||||||| |
| 008 |
070116s2007 nyua sb 001 0 eng |
| 010 |
|
|
|z 2007921044
|
| 020 |
|
|
|z 9780979152207 (pbk.)
|
| 035 |
|
|
|a (MiAaPQ)EBC344410
|
| 035 |
|
|
|a (Au-PeEL)EBL344410
|
| 035 |
|
|
|a (CaPaEBR)ebr10225098
|
| 035 |
|
|
|a (CaONFJC)MIL535033
|
| 035 |
|
|
|a (OCoLC)237791594
|
| 040 |
|
|
|a MiAaPQ
|c MiAaPQ
|d MiAaPQ
|
| 050 |
|
4 |
|a HD30.28
|b .R644 2007
|
| 082 |
0 |
4 |
|a 6584/01
|2 22
|
| 100 |
1 |
|
|a Rogoff, Edward G.,
|d 1951-
|
| 245 |
1 |
0 |
|a Bankable business plans
|h [electronic resource] /
|c Edward G. Rogoff ; foreword by Jeff Bezos.
|
| 250 |
|
|
|a 2nd ed.
|
| 260 |
|
|
|a New York, NY :
|b Rowhouse Pub.,
|c c2007.
|
| 300 |
|
|
|a xxi, 258 p. :
|b ill.
|
| 504 |
|
|
|a Includes bibliographical references (p. [243]-249) and index.
|
| 533 |
|
|
|a Electronic reproduction. Ann Arbor, MI : ProQuest, 2015. Available via World Wide Web. Access may be limited to ProQuest affiliated libraries.
|
| 650 |
|
0 |
|a Business planning.
|
| 650 |
|
0 |
|a New business enterprises
|x Finance.
|
| 650 |
|
0 |
|a Business enterprises
|x Finance.
|
| 655 |
|
4 |
|a Electronic books.
|
| 710 |
2 |
|
|a ProQuest (Firm)
|
| 856 |
4 |
0 |
|u https://ebookcentral.proquest.com/lib/matrademy/detail.action?docID=344410
|z Click to View
|